| 000 | 00465nam a2200181Ia 4500 | ||
|---|---|---|---|
| 008 | 230714s9999 xx 000 0 und d | ||
| 020 | _a9780000000000 | ||
| 041 | _aeng | ||
| 082 |
_a621.382'5 _bROD |
||
| 100 | _aRoddy D. | ||
| 245 | _aSatellite Communications | ||
| 250 | _a4th ed. | ||
| 260 |
_c2012 _bTata McGraw Hill |
||
| 300 | _a652 | ||
| 365 |
_cRs. _b465.00 |
||
| 700 | _aRoddy D. | ||
| 906 |
_dO:0339708-Jul-2013B:CR13/10805-Jul-2013 _cME ETC _b427.8 |
||
| 999 |
_c208061 _d208061 |
||